000 00909nam a2200265 i 4500
003 DO-SdBNP
005 20240912095444.0
007 ta
008 240912s1951 dr 000 0 spa d
040 _aDO-SdBNP
_bspa
_cBNPHU
_erda
082 4 _a972.9373
_bO12b
_222
100 _aObjío F., Sigfrido
_938667
_eautor
245 1 0 _aBaní :
_bcosas antiguas /
_cSigfrido Objío F.
264 1 _aCiudad Trujillo, República Dominicana :
_bImpresora Dominicana,
_c1951.
300 _a100 páginas
_c22 cm.
336 _atexto
_btxt
_2rdacontent
337 _asin mediación
_bn
_2rdamedia
338 _avolumen
_bnc
_2rdacarrier
590 _aInventariado, 2024/ YL
650 4 _aCiudades y pueblos
_zRepública Dominicana
_9784
651 4 _aBaní (República Dominicana)
_xHistoria local
_96339
651 4 _aBaní (República Dominicana)
_xVida social y costumbres
_98310
910 _aYLockward
942 _2ddc
_cLBS1
999 _c57671
_d57671